000 00441nam a2200181Ia 4500
001 12763
005 20260306163005.0
008 260306t1993||||xx |||||||||||||| ||spa||
041 _aESP
082 _aRD 200.3
_bD73
100 _aOrtiz García, Alfonso
_eAUT
245 0 _aDiccionario teológico enciclopédico
260 _c1993
300 _a1071 páginas :
_c24 cm.
650 _aGEN
654 _aCHU
942 _cDIC
_dJUS
_fJUS
_2ddc
_n
999 _c12763
_d12763